LEADER 01137nam a2200229 i 4500 001 000000046320 003 CaOOAMICUS 005 20090915000000.0 008 090915s1960 xx u000 u fre u 013 $a17490 040 $aSeMil$bita 100 1 $aSofranov, Ivan .$0(OLS)http://semarc/name/15751 245 10$aHistoire du mouvement bulgare, vers l'Église catholique au 19. siècle :$b1. première pèriode : les origines (1855-1865) /$cIvan Sofranov. 260 $aParis [etc.] :$bDesclée & Cie,$c1960. 300 $aXXIII, 400 p., [1] p. di tav. :$bcarta geogr. ;$c23 cm. 490 0 $aBibliotèque catholique bulgare 650 4$aBulgaria - Storia.$0(OLS)http://semarc/subject/5827 830 0$aBibliotèque catholique bulgare.$0(OLS)http://semarc/title/29244 850 $aSeMil 852 $aSeMil$W1$xVenegono$y1$m2A V 132$j12475$B12475$CSeMilBibl$Z2$F12475 $81 996 $6245$aHistoire du mouvement bulgare, vers l'Église catholique au 19. siècle :$b1. première pèriode : les origines (1855-1865)$9(OLS)http://semarc/title/69207 996 $6260$aParis [etc.] :$bDesclée & Cie$9(OLS)http://semarc/publisher/35576 LEADER 00892nam a2200241 i 4500 001 000000064903 003 CaOOAMICUS 005 20090417000000.0 008 090417s1987 it u000 u ita u 013 $a36075 020 $a88-17-53331-9 040 $aSeMil$bita 100 1 $aGuarini, Ruggero,$d<1931- >.$0(OLS)http://semarc/name/32668 245 10$aBreve corso di morale laica /$cRuggero Guarini. 260 $aMilano :$bRizzoli,$c1987. 300 $a237 p. ;$c22 cm. 650 4$aEtica e morale.$0(OLS)http://semarc/subject/612 850 $aSeMil 852 $aSeMil$W1$xVenegono$y1$m2Q II 338$j31056$B31056$CSeMilBibl$Z2$F31059 $81 961 $aOmaggio: Donazione 996 $6020$a88-17-53331-9$9(OLS)http://semarc/number/42052 996 $6245$aBreve corso di morale laica$9(OLS)http://semarc/title/102920 996 $6260$aMilano :$bRizzoli$9(OLS)http://semarc/publisher/29824